000 01030nam a22002897a 4500
001 BR7807199
003 BR-BrBNA
005 20230928085809.0
007 ta
008 230509b bl.||||| |||| 00| 0 por d
040 _aBR-BrBNA
_bpor
_cBiblioteca Nacional de Agricultura
041 _a(Por)
072 _aE30; N20; F00
_b/G514
090 _ E30 BR7807199
110 1 _aEmpresa de Assistencia Tecnica e Extensao Rural do Estado do Maranhao, Sao Luis (Brasil)
_94038
245 1 _aEstudo sobre a implantacao de um programa especial de mecanizacao agricola a tracao animal [Maranhao, Brasil]
260 3 _aSao Luis, MA (Brasil):
_c1978.
300 _a19 p.
500 _a8 tables. (*) Documento disponível na(o) Empresa de Assistencia Tecnica e Extensao Rural do Estado do Maranhao, Sao Luis (Brazil)
650 _aPLANEJAMENTO AGRICOLA
650 _aMECANIZACAO AGRICOLA
650 _aTECNOLOGIA AGRICOLA
650 _aTRACAO ANIMAL
650 _aMARANHAO
909 _a202309
_bLucia
_c55
_dLucia Elande
942 _cBK
999 _c26386
_d26386